000 01857cab a2200481 4500
001 ABS50727
008 090401t1994 xxu||||| |||| 00| 0 eng d
035 _a(Sirsi) u26485
041 _aeng
100 _aMatthews, J.
245 _aPlanning cases in 1992/1993
260 _c1994
350 _a0
490 _aSolicitors` Journal
_v138(17) 6 May 1994, 443-445(3)
520 _aReviews planning cases heard during the recession, down to about a quarter of the volume before the courts in the late 1980s, and notes there were few decisions of principle. Those cases considered cover conservation areas, gypsies, enforcement notices, development, revocation and compensation, conditions and practice notes.
650 _aBATCHELOR V SOS ENVIRONMENT
650 _aBATH SOCIETY V SOS ENVIRONMENT
650 _aBERKSHIRE CC V SCOTT
650 _aBLAENAU GWENT BC V SABZ ALI KHAN
650 _aBRIDE BRICK CO LTD V SOS ENVIRONMENT
650 _aBRITISH RAILWAYS BOARD V SOS ENVIRONMENT
650 _aCOLLEY V CANTERBURY DC
650 _aFG WHITLEY & SONS V SOS WALES
650 _aGOOD V EPPING FOREST BC
650 _aKISSELL V SOS ENVIRONMENT
650 _aMOLE VALLEY DC V SMITH
650 _aNATIONAL PARKS
650 _aR V DHAR
650 _aR V HOLDERNESS BC EX P JAMES ROBERT DEVELOPMENTS LTD
650 _aR V METROPOLITAN STIPENDIARY MAGISTRATE EX P LONDON WASTE
650 _aR V THURROCK LBC EX P TESCO
650 _aREIGATE AND BANSTEAD BC V BROWN
650 _aROZHON V SOS WALES
650 _aSCOTTISH AND NEWCASTLE BREWERIES PLC V SOS ENVIRONMENT
650 _aSOS ENVIRONMENT V CAMBRIDGE CC
650 _aSOUTH LAKELAND DC V SOS ENVIRONMENT
650 _aSTOP NOTICES
650 _aTREES
650 _aWAREHOUSES
690 _aPLANNING LAW AND PRACTICE
942 _n0
948 _c04/03/1997
999 _c17800
_d17800